000 00884nam a2200289Ia 4500
003 OSt
005 20221005062018.0
006 a|||||r|||| 00| 0
007 ta
008 221004b |||||||| |||| 00| 0 eng d
020 _a9781138100893 (pbk)
_cUKP 29.99
024 _a34469
037 _b059, 15/09/2017, Classic Book Service
_cTextual
040 _aCRL
_cCRL
_beng
041 _2eng
_aeng
082 _aS1:f, Q7
100 _aChristensen Pia Ed.
_9601365
245 0 _aResearch with children
_b perspective and practices
250 _a3rd
260 _aLondon
_bRoutledge UK
_c2017
300 _axii,231p.
_ccm.
650 _a RESEARCH
650 _aCHILD PSYCHOLOGY
700 _a James Allison Ed.
_9280782
942 _hS1:f, Q7
_cTEXL
_2cc
999 _c969081
_d969081